La Feminizacin̤ de la Pobreza en Mx̌ico

Bibliographic Details
Main Author: Castillo Jur̀ez, Laura Itzel
Format: eBook
Language:Spanish
Published: Ciudad de Mx̌ico: Cm̀ara de Diputados, 2011
Subjects:
Online Access:Acceso restringido

MARC

LEADER 00000nam a22000007a 4500
005 2017082904304.0
007 cr|||| ||||
008 170829s2011 mx |||||s||||f00||0 spa d
035 |a 20470 
040 |a vLex 
090 |c 6871  |d 6871 
100 1 |a Castillo Jur̀ez, Laura Itzel 
245 1 2 |a La Feminizacin̤ de la Pobreza en Mx̌ico  |h [Recurso electrn̤ico] /  |c Laura Itzel Castillo Jur̀ez 
256 |a Servicio en ln̕ea 
260 |a Ciudad de Mx̌ico:  |b Cm̀ara de Diputados,  |c 2011 
300 |a 1 recurso electrn̤ico 
506 1 |a Disponible solo en los productos indicados  |d vLex Global  |d vLex Global (Academic Edition, excluding Law Schools)  |d vLex Global (U.S. Academic Edition, Law Schools)  |d vLex Global (U.S. Academic Edition, excluding Law Schools)  |d vLex Global (Academic Edition, Law Schools) 
650 0 4 |a Derecho Civil  |z Mx̌ico 
650 0 4 |a Derecho Penal  |z Mx̌ico 
650 0 4 |a Derecho Constitucional  |z Mx̌ico 
740 0 |a vLex Libros (Servicio en ln̕ea) 
856 4 0 |u http://vlex.com/source/feminizacion-de-la-pobreza-en-mexico-20470  |z Acceso restringido 
942 |c BOOK 
999 0 |a Civil Law 
999 0 |a Criminal Law 
999 0 |a Constitutional Law